World in crisis : (Record no. 6491)

MARC details
000 -LEADER
fixed length control field 00773nam a22002297a 4500
003 - CONTROL NUMBER IDENTIFIER
control field OSt
005 - DATE AND TIME OF LATEST TRANSACTION
control field 20251127155048.0
008 - FIXED-LENGTH DATA ELEMENTS--GENERAL INFORMATION
fixed length control field 251127b |||||||| |||| 00| 0 eng d
020 ## - INTERNATIONAL STANDARD BOOK NUMBER
International Standard Book Number 978-1-4777-7844-9
040 ## - CATALOGING SOURCE
Original cataloging agency DWCL - Main Library
Transcribing agency OC
082 ## - DEWEY DECIMAL CLASSIFICATION NUMBER
Classification number Gr. 333.7 L392w 2015
100 ## - MAIN ENTRY--PERSONAL NAME
Personal name Levete, Sarah
245 ## - TITLE STATEMENT
Title World in crisis :
Remainder of title the race to fix the global economy /
Statement of responsibility, etc. Sarah Levete
260 ## - PUBLICATION, DISTRIBUTION, ETC.
Place of publication, distribution, etc. New York :
Name of publisher, distributor, etc. The rosen Publishing Group, Inc,
Date of publication, distribution, etc. c2015.
300 ## - PHYSICAL DESCRIPTION
Extent 48 pages :
Other physical details colored illustrations ;
Dimensions 26 cm.
504 ## - BIBLIOGRAPHY, ETC. NOTE
Bibliography, etc. note 1.Includes glossary
504 ## - BIBLIOGRAPHY, ETC. NOTE
Bibliography, etc. note 2.index
650 ## - SUBJECT ADDED ENTRY--TOPICAL TERM
Topical term or geographic name entry element I. Financial crisis-juvenile literature.
650 ## - SUBJECT ADDED ENTRY--TOPICAL TERM
Topical term or geographic name entry element II. Globalization-Economic aspects
650 ## - SUBJECT ADDED ENTRY--TOPICAL TERM
Source of heading or term III. International finance-Juvemile literature
942 ## - ADDED ENTRY ELEMENTS (KOHA)
Source of classification or shelving scheme Dewey Decimal Classification
Koha item type General Reference
Call number suffix Gr.
Suppress in OPAC No
952 ## - LOCATION AND ITEM INFORMATION (KOHA)
--
Holdings
Withdrawn status Lost status Source of classification or shelving scheme Damaged status Not for loan Home library Current library Date acquired Source of acquisition Cost, normal purchase price Total Checkouts Full call number Barcode Date last seen Copy number Price effective from Koha item type Uniform Resource Identifier
    Dewey Decimal Classification     Junior High School Library Junior High School Library 03/09/2023 Library Fund 800.00   Gr. 333.7 L392w 2015 21073 11/27/2025 c1 11/27/2025 GR